Slavic prosody : language change and phonological theory
Αποθηκεύτηκε σε:
| Κύριος συγγραφέας: | |
|---|---|
| Μορφή: | Βιβλίο |
| Γλώσσα: | English |
| Δημοσίευση: |
[Cambridge] :
Cambridge University Press,
[1998]
|
| Σειρά: | Cambridge studies in linguistics ;
; 86 |
| Θέματα: | |
| Ετικέτες: |
Προσθήκη ετικέτας
Δεν υπάρχουν, Καταχωρήστε ετικέτα πρώτοι!
|
MARC
| LEADER | 00000nam a2200000 i 4500 | ||
|---|---|---|---|
| 001 | 1/72201 | ||
| 008 | 080124s1998 eng d | ||
| 020 | |a 0-521-59148-1 (hbk.) | ||
| 035 | |l 10094085 | ||
| 040 | |a GR-MY-UA |b gre |e aacr | ||
| 041 | 0 | |a eng | |
| 082 | 0 | |a 491.8 |2 (22) | |
| 100 | 1 | |a Bethin, Christina Y. |q (Christina Yurkiw) | |
| 245 | 1 | 0 | |a Slavic prosody : |b language change and phonological theory / |c Christina Y. Bethin |
| 260 | |a [Cambridge] : |b Cambridge University Press, |c [1998] | ||
| 300 | |a xv, 349 σ.; |c 24 εκ. | ||
| 490 | 1 | |a Cambridge studies in linguistics |v ; 86 | |
| 504 | |a Βιβλιογραφία: σ. 302-346. Ευρετήριο | ||
| 650 | 0 | 0 | |a Proto-Slavic language |x Phonology, Historical. |
| 650 | 0 | 0 | |a Proto-Slavic Language |x Prosodic analysis. |
| 650 | 0 | 0 | |a Slavic languages |x Prosodic analysis. |
| 650 | 0 | 0 | |a Slavic languages |x Phonology, Historical. |
| 650 | 0 | 0 | |a Grammar, Comparative and general |x Phonology. |
| 830 | 0 | |a Cambridge studies in linguistics ; |v ; 86 | |
| 852 | |a INST |b RHODES |e 20080124 |h 491.8 BET |p 005400030322 |q 005400030322 |t BK |y 0 | ||
| 901 | |a BIBL4-2008-1 | ||
| 909 | |a Ρ |b 142444 | ||
| 922 | |a 4ΕΛΗ |b 200712 |c ΕΠΕΑΕΚ2/ΤΜΣ |d ΕΛΕΥΘΕΡΟΥΔΑΚΗΣ | ||
| 970 | |a ΚΟΖΑ |b ΜΑΡΙΑ |z 2008/01/24 | ||